000 00398nam a22001217a 4500
005 20260629142301.0
100 _aAisha Rajput
_a21-MSCS-15
_aSupervisor - Prof.Dr. Mukhtiar Ahmed Memon
_91048
245 _aHop by Hop Grid Based Energy Efficient Routing Protocol (Thesis MS)
260 _aNawabshah
_bQUEST
_c2024
300 _a107p.
700 _aDepartment of Computer Science
_91007
942 _cTHESIS
999 _c69101
_d69098